000 00337nam a22001457a 4500
008 230329b ||||| |||| 00| 0 eng d
020 _a9780205380787
041 _aeng
080 _2FIFTH EDITION
_a37
082 _a37GAL
100 _a22
101 _aEDUKIM
245 _aAPPLYING EDUCATIONAL RESEARCH
_cGALL.P.J
942 _2udc
_cBK
999 _c59472
_d59472